000 00536nam a22001457a 4500
020 _qHard Cover.
040 _cSINES-NUST.
082 _a004
_bNAS
100 _aFatima Naseer.
_990606
245 _aEffect of Doping on Optoelectronic, Magnetic and Photocatalytic Properties of MoSe2 TMDs via Surface Adsorption:
_bA Computational Band Structure Engineering /
_cNaseer, Fatima
260 _aIslamabad:
_bSINES-NUST,
_c2022.
300 _a89 p. :
_bill. ;
_c30cm.
650 _xMS-Computational Science and Engineering.
942 _2ddc
_cTHE
999 _c588762
_d588762